عرض عادي
عرض مارك
- Bruton, Garry D.
مدخل إسم شخص
001 - رقم الضبط
- حقل الضبط: 18296
003 - معرف رقم الضبط
- حقل الضبط: OSt
005 - تاريخ ووقت أخر عملية
- حقل الضبط: 20121223220920.0
008 - عناصر بيانات ثابتة الطول
- حقل تحكم ثابت الطول: 121223|||a|||||| | ||| d
040 ## - مصدر الفهرسة
- هيئة الفهرسة الأصلية: OSt
- وكالة الكتابة: OSt
100 ## - مدخل -- أسم شخص
- إسم شخص: Bruton, Garry D.
670 ## - بيانات المصدر موجوده
- الاستشهاد بالمصدر: Work cat.: (OSt)0: Bruton, Garry D., Strategic management of technology and innovation /, 2011.
